|
|
|
|
| LEADER |
00000naa2a2200000 4500 |
| 001 |
187634 |
| 005 |
20260113134734.0 |
| 035 |
|
|
|a (RuTPU)RU\TPU\book\203597
|
| 090 |
|
|
|a 187634
|
| 100 |
|
|
|a 20101118d2010 k y0rusy50 ca
|
| 101 |
0 |
|
|a rus
|
| 102 |
|
|
|a RU
|
| 200 |
1 |
|
|a Потенциал энергосбережения
|f Г. Н. Климова, В. В. Литвак
|
| 463 |
|
1 |
|0 (RuTPU)RU\TPU\book\196586
|t Электроэнергия: от получения и распределения до эффективного использования
|o материалы Всероссийской научно-технической конференции, 25-28 мая 2010 г., Томск
|f Национальный исследовательский Томский политехнический университет (НИ ТПУ)
|v С. 276-279
|d 2010
|
| 610 |
1 |
|
|a энергосбережение
|
| 610 |
1 |
|
|a Кемеровская область
|
| 610 |
1 |
|
|a труды учёных ТПУ
|
| 700 |
|
1 |
|a Климова
|b Г. Н.
|c специалист в области энергетики
|c доцент Томского политехнического университета, кандидат технических наук
|f 1976-
|g Галина Николаевна
|3 (RuTPU)RU\TPU\pers\26727
|9 12385
|
| 701 |
|
1 |
|a Литвак
|b В. В.
|c специалист в области теплоэнергетики
|c профессор Томского политехнического университета, доктор технических наук
|f 1940-
|g Валерий Владимирович
|3 (RuTPU)RU\TPU\pers\25676
|9 11587
|
| 801 |
|
1 |
|a RU
|b 63413507
|c 20101118
|
| 801 |
|
2 |
|a RU
|b 63413507
|c 20140228
|g RCR
|
| 942 |
|
|
|c BK
|